• 首页
  • 本馆介绍
  • 公告通知
  • 最新文献
  • 馆藏检索
  • 电子资源
  • 读者导购
  • 参考咨询
  • 我的图书馆
  • 登录
  • 详细信息显示
  • 放入我的书架
  • 预约/预借图书
  • 作者相关作品
  • 分类相关作品
  • 丛书相关作品
  • 出版社相关作品

书目信息

  • 表格格式
  • 工作单格式
  • 卡片格式
题名:
钱币魔术
    
 
作者: 郭安迪 著
分册:  
出版信息: 北京   北京出版社  2006
页数: 103页
开本: 21cm
丛书名: 安迪魔术系列
单 册:
中图分类: J828
科图分类:
主题词: 魔术--基本知识 , 魔术
电子资源:
ISBN: 7-200-06261-8
000 00820oam2 2200265 450
001 003258727
005 20070804152428.15
010    @a7-200-06261-8@dCNY22.00
100    @a20060124d2006 em y0chiy0110 ea
101 0  @achi
102    @aCN@b110000
105    @aa z 000yy
200 1  @a钱币魔术@9qian bi mo shu@f郭安迪著
210    @a北京@c北京出版社@d2006
215    @a103页@c彩图@d21cm@e1光盘
225 2  @a安迪魔术系列
307    @a附光盘:ISBN 7-88820-228-4, ISRC CN-P01-05-356-00
330    @a本书介绍了口吞硬币奇术、硬币融入臂中、感情魔币、牌中生钱、硬币分裂、会增值的钞票、硬币消失、幻影来钱等钱币魔术。
461  0 @12001 @a安迪魔术系列
606 0  @a魔术@x基本知识
606 0  @a魔术
690    @aJ828@v4
701  0 @a郭安迪@9guo an di@4著
801  0 @aCN@bNLC@c20070804
905    @a10447@dJ828@e103
    
    钱币魔术/郭安迪著.-北京:北京出版社,2006
    103页:彩图;21cm+1光盘.-(安迪魔术系列)
    
    
    ISBN 7-200-06261-8:CNY22.00
    本书介绍了口吞硬币奇术、硬币融入臂中、感情魔币、牌中生钱、硬币分裂、会增值的钞票、硬币消失、幻影来钱等钱币魔术。
●
相关链接 在E读中查询图书 在五车中查询图书 在当当中查询图书 在豆瓣中查询图书


正题名:钱币魔术     索取号:J828/103         预约/预借

序号 登录号 条形码 馆藏地/架位号 状态 备注
1 0804121   208041215   第一样本阅览室/ [索取号:J828/103] 在馆    
2 0804122   208041224   第一借阅区/ [索取号:J828/103] 在馆    
3 0804123   208041233   第一借阅区/ [索取号:J828/103] 在馆    
4 0804124   208041242   第一借阅区/ [索取号:J828/103] 在馆    
5 0804125   208041251   第一借阅区/ [索取号:J828/103] 在馆    
6 0804126   208041260   第一借阅区/ [索取号:J828/103] 在馆    
7 0804127   208041279   第一借阅区/ [索取号:J828/103] 在馆    
8 0804128   208041288   密集书库-美术系/ [索取号:J828/103] 在馆    
9 0804129   208041297   密集书库-美术系/ [索取号:J828/103] 在馆    
10 0804130   208041304   密集书库-美术系/ [索取号:J828/103] 在馆    
唐山师范学院图书馆 欢迎您!
大连网信软件有限公司© 版权所有